Základy jazykovědy

Gespeichert in:
Bibliographische Detailangaben
1. Verfasser: Erhart, Adolf
Format: Buch
Sprache:Tschechisch
Veröffentlicht: Praha Státní pedagogické nakladatelství 1990
Ausgabe:2. uprav. vyd.
Schriftenreihe:Učebnice pro vysoké školy
Tags: Tag hinzufügen
Keine Tags, Fügen Sie das erste Tag hinzu!

MARC

LEADER 00000nam a2200000 4500
001 c040921
005 20221215121049.0
041 0 |a cze 
044 |a CZ 
245 1 0 |a Základy jazykovědy  |c Adolf Erhart 
250 |a 2. uprav. vyd. 
264 1 |a Praha  |b Státní pedagogické nakladatelství  |c 1990 
300 |a 198 s. 
490 1 |a Učebnice pro vysoké školy 
830 0 |a Učebnice pro vysoké školy 
100 1 |a Erhart, Adolf